000 00973nam a2200349 a 4500
003 AR-BaBNM
005 20251128205610.0
008 082120s2002 ||||||||||||||000 | spa||
020 _a950-701-427-6
040 _cAR-BaBNM
245 0 0 _aGoldfish
_bteacher's book inglés 2do ciclo EGB
_n1
250 _a1ª ed.
260 _aBuenos Aires
_bAique
_c1997
300 _a207 p.
_bil.
500 _aContiene al final del texto fichas en un sobre referente a los temas tratados
650 4 _aENSEÑANZA DE IDIOMAS
650 4 _aINGLES
650 4 _aVOCABULARIO
650 4 _aGRAMATICA
650 4 _aGUIA DEL DOCENTE
650 4 _aACTIVIDADES DE APRENDIZAJE
653 _aEDUCACION GENERAL BASICA
653 _aTEMAS TRANSVERSALES
700 1 _aEchevarría, Carmen
700 1 _aFernández, Rafael
700 1 _aLópez, Ana María
700 1 _aMolina, Sonia
700 1 _aScott, Emma
700 1 _aBacon, Richard
942 _cBK
998 _cCarmen
999 _c12073
_d12073